=LDR 00000nam 2200000 4500 =001 000365 =005 20250710025906 =035 ##$$a 0010-0725000223 =007 ta =008 250710################a##########0#ind## =020 ##$$a 978-623-472-331-1 =082 ##$$a 398.209 598 =084 ##$$a 398.209 598 O'N l =100 #$$a O'Neill Brendon =245 1#$$a Lory Dory /$c Brendon O'Neill =250 ##$$a Cetakan Pertama 2024 =260 ##$$a Jakarta :$b Badan Pengembangan dan Pembinaan Bahasa,$c 2022 =300 ##$$a 24 hlm : $b Ilus. ; $c 22,9 cm =650 #4$$a Cerita Anak Indonesia - Terjemahan =650 #4$$a Literasi- Bahan Bacaan =990 ##$$a TBM00840084